00960nac a22002291u 4500010001700000020002200017082001600039090001500055100003400070245008600104250007600190260007600266300003400342500002000376650002800396650002400424700002600448942001800474999001500492952011900507952010400626 a 2005040049 a0273693786 (pbk.)00a658.4bL815 c2338d2338 aLockyer, K. G. 10aProject management and project network techniques /cKeith Lockyer, James Gordon. a7th ed. of Critical path analysis and other project network techniques. aHarlow, England ; New York :bFinancial Times/Prentice Hall,2005c2005. axii, 257 p. :bill. ;c25 cm. aIncludes index. 0aCritical path analysis. 0aProject management.1 aGordon, James,d1927- cTBk658.4L815 c2338d2338 00104070aMAINbMAINc1STd2007-02-18ePurchasel4m4o658.4 LOCp000001844r2025-07-15 00:00:00s2015-12-17yBB 00104070aMAINbMAINc1STd2007-02-18ePurchasel0o658.4 LOCp000005886r2025-07-15 00:00:00yBB